Biggest villages and towns of Luxembourg - Statistics

General Stats
  • This quiz has been taken 7 times
  • The average score is 18 of 120
Answer Stats
Kanton Population Town % Correct
Lëtzebuerg 136.211 Lëtzebuerg
100%
Esch-Uelzecht 37.922 Esch-Uelzecht
83%
Esch-Uelzecht 17.723 Déifferdeng
67%
Esch-Uelzecht 22.203 Diddeleng
67%
Dikrech 7336 Dikrech
67%
Klierf 1639 Klierf
67%
Miersch 5113 Miersch
67%
Esch-Uelzecht 9240 Beetebuerg
50%
Réimech 4149 Réimech
50%
Lëtzebuerg 10.637 Stroossen
50%
Iechternach 1474 Bäerdref
33%
Dikrech 8571 Ettelbréck
33%
Gréiwemaacher 5274 Gréiwemaacher
33%
Iechternach 5936 Iechternach
33%
Kapellen 2467 Kapellen
33%
Iechternach 1404 Konsdref
33%
Miersch 1549 Luerenzweiler
33%
Kapellen 8124 Mamer
33%
Esch-Uelzecht 7889 Nidderkuer
33%
Esch-Uelzecht 10.039 Péiteng
33%
Réiden 1588 Réiden op der Atert
33%
Esch-Uelzecht 11.589 Schëffleng
33%
Esch-Uelzecht 4715 Uewerkuer
33%
Veianen 2221 Veianen
33%
Lëtzebuerg 1080 Walfer
33%
Wolz 6016 Wolz
33%
Lëtzebuerg 4709 Bäreldeng
17%
Lëtzebuerg 9097 Bartreng
17%
Iechternach 2809 Beefort
17%
Esch-Uelzecht 8841 Bieles
17%
Miersch 1074 Bruch
17%
Kapellen 1036 Dippech
17%
Réimech 1602 Duelem
17%
Lëtzebuerg 1036 Éiter
17%
Esch-Uelzecht 2416 Fréiseng
17%
Lëtzebuerg 3148 Helsem
17%
Lëtzebuerg 2974 Hesper
17%
Lëtzebuerg 5874 Houwald
17%
Lëtzebuerg 2498 Izeg
17%
Gréiwemaacher 3843 Jonglënster
17%
Réimech 1724 Kanech
17%
Miersch 2070 Kolmer
17%
Lëtzebuerg 1997 Konter
17%
Miersch 2649 Lëntgen
17%
Gréiwemaacher 2022 Mäertert
17%
Esch-Uelzecht 3942 Monnerech
17%
Réimech 4251 Munneref
17%
Lëtzebuerg 1555 Mutfert
17%
Lëtzebuerg 1556 Nidderaanwen
17%
Kapellen 6049 Nidderkäerjeng
17%
Kapellen 2007 Ollem
17%
Esch-Uelzecht 1297 Réiser
17%
Gréiwemaacher 1973 Rued-Sir
17%
Lëtzebuerg 3830 Sandweiler
17%
Lëtzebuerg 1809 Schëtter
17%
Lëtzebuerg 2617 Steesel
17%
Kapellen 3138 Stengefort
17%
Esch-Uelzecht 2829 Suessem
17%
Esch-Uelzecht 4031 Téiteng
17%
Kapellen 2017 Uewekäerjeng
17%
Gréiwemaacher 3535 Waasserbëlleg
17%
Kapellen 2251 Äischen
0%
Lëtzebuerg 3070 Alzeng
0%
Gréiwemaacher 1104 Bäerbuerg
0%
Miersch 1068 Béiwen-Atert
0%
Esch-Uelzecht 1149 Béiweng
0%
Dikrech 1396 Bettenduerf
0%
Kapellen 1412 Betten op der Mess
0%
Esch-Uelzecht 1309 Bierchem
0%
Miersch 1238 Biereng
0%
Esch-Uelzecht 1573 Biergem
0%
Miersch 3493 Biissen
0%
Miersch 1147 Boufer
0%
Kapellen 3537 Briddel
0%
Réimech 1012 Elveng
0%
Klierf 1996 Ëlwen
0%
Lëtzebuerg 2730 Fenteng
0%
Miersch 1684 Fiels
0%
Kapellen 1313 Garnech
0%
Dikrech 1174 Gilsdref
0%
Gréiwemaacher 2011 Gonnereng
0%
Réiden 1062 Grousbuss
0%
Kapellen 2031 Habscht
0%
Lëtzebuerg 2085 Heeschdref
0%
Miersch 1185 Hiefenech
0%
Kapellen 1602 Hoen
0%
Klierf 1366 Housen
0%
Dikrech 1236 Ierpeldeng op der Sauer
0%
Kapellen 1402 Käerch
0%
Esch-Uelzecht 5938 Keel
0%
Kapellen 2049 Kënzeg
0%
Kapellen 2511 Kielen
0%
Kapellen 1174 Klengbetten
0%
Kapellen 1089 Koplescht
0%
Esch-Uelzecht 1660 Krautem
0%
Esch-Uelzecht 2789 Leideleng
0%
Dikrech 2415 Mäerzeg
0%
Lëtzebuerg 1316 Mëlleref
0%
Dikrech 1454 Miedernach
0%
Esch-Uelzecht 1084 Näerzeng
0%
Dikrech 1733 Nidderfeelen
0%
Kapellen 1300 Nouspelt
0%
Miersch 1066 Recken
0%
Esch-Uelzecht 1164 Reckeng op der Mess
0%
Esch-Uelzecht 7856 Réideng op der Kor
0%
Esch-Uelzecht 5753 Rëmeleng
0%
Esch-Uelzecht 3191 Rolleng
0%
Miersch 2252 Rolleng
0%
Dikrech 2111 Schieren
0%
Kapellen 1641 Schuller
0%
Lëtzebuerg 1888 Sennengerbierg
0%
Esch-Uelzecht 1154 Steebrécken
0%
Miersch 1384 Tënten
0%
Esch-Uelzecht 1702 Uespelt
0%
Réiden 1123 Useldeng
0%
Réiden 1249 Viichten
0%
Dikrech 1571 Waarken
0%
Klierf 1687 Wäisswampech
0%
Lëtzebuerg 1058 Weiler zum Tuerm
0%
Esch-Uelzecht 6427 Zolwer
0%
No matching quizzes found
Score Distribution
Percent of People with Each Score
Percentile by Number Answered
Your Score History
You have not taken this quiz